<?xml version="1.0" encoding="UTF-8"?>
<record
    xmlns:xsi="http://www.w3.org/2001/XMLSchema-instance"
    xsi:schemaLocation="http://www.loc.gov/MARC21/slim http://www.loc.gov/standards/marcxml/schema/MARC21slim.xsd"
    xmlns="http://www.loc.gov/MARC21/slim">

  <leader>02962nam0a2200337   4500</leader>
  <controlfield tag="001">RU\NLR\BIBL_A\016234120</controlfield>
  <controlfield tag="005">20230208171841.0</controlfield>
  <datafield tag="010" ind1=" " ind2=" ">
    <subfield code="a">978-5-91878-591-1</subfield>
    <subfield code="9">1500</subfield>
  </datafield>
  <datafield tag="021" ind1=" " ind2=" ">
    <subfield code="a">RU</subfield>
    <subfield code="b">&#x41A;&#x41D;-&#x41F;-22-082722</subfield>
    <subfield code="9">&#x41A;&#x41D;-&#x41F;-22-7282</subfield>
  </datafield>
  <datafield tag="035" ind1=" " ind2=" ">
    <subfield code="a">(NLR Aleph) 016234120</subfield>
  </datafield>
  <datafield tag="035" ind1=" " ind2=" ">
    <subfield code="a">(RuMoRGB)011401814</subfield>
  </datafield>
  <datafield tag="090" ind1=" " ind2=" ">
    <subfield code="a">12776286</subfield>
    <subfield code="c">12776286</subfield>
  </datafield>
  <datafield tag="100" ind1=" " ind2=" ">
    <subfield code="a">20221209d2022    m  y0rusy50      ca</subfield>
  </datafield>
  <datafield tag="101" ind1="1" ind2=" ">
    <subfield code="a">rus</subfield>
    <subfield code="c">eng</subfield>
  </datafield>
  <datafield tag="102" ind1=" " ind2=" ">
    <subfield code="a">RU</subfield>
  </datafield>
  <datafield tag="105" ind1=" " ind2=" ">
    <subfield code="a">y   z   000ay</subfield>
  </datafield>
  <datafield tag="200" ind1="1" ind2=" ">
    <subfield code="a">&#x41B;&#x435;&#x433;&#x438;&#x43E;&#x43D; &#x43F;&#x430;&#x43C;&#x44F;&#x442;&#x438;</subfield>
    <subfield code="e">&#x43F;&#x43E;&#x43B;&#x43D;&#x43E;&#x435; &#x441;&#x43E;&#x431;&#x440;&#x430;&#x43D;&#x438;&#x435; &#x440;&#x430;&#x441;&#x441;&#x43A;&#x430;&#x437;&#x43E;&#x432; &#x438;&#x437; &#x441;&#x435;&#x440;&#x438;&#x438; "&#x41F;&#x440;&#x43E;&#x441;&#x442;&#x440;&#x430;&#x43D;&#x441;&#x442;&#x432;&#x43E;"</subfield>
    <subfield code="f">&#x414;&#x436;&#x435;&#x439;&#x43C;&#x441; &#x41A;&#x43E;&#x440;&#x438;</subfield>
    <subfield code="g">&#x43F;&#x435;&#x440;&#x435;&#x432;&#x43E;&#x434; &#x441; &#x430;&#x43D;&#x433;&#x43B;&#x438;&#x439;&#x441;&#x43A;&#x43E;&#x433;&#x43E; &#x413;&#x430;&#x43B;&#x438;&#x43D;&#x44B; &#x421;&#x43E;&#x43B;&#x43E;&#x432;&#x44C;&#x435;&#x432;&#x43E;&#x439;</subfield>
  </datafield>
  <datafield tag="210" ind1=" " ind2=" ">
    <subfield code="a">&#x421;&#x430;&#x43D;&#x43A;&#x442;-&#x41F;&#x435;&#x442;&#x435;&#x440;&#x431;&#x443;&#x440;&#x433;</subfield>
    <subfield code="c">&#x424;&#x430;&#x43D;&#x442;&#x430;&#x441;&#x442;&#x438;&#x43A;&#x430; &#x41A;&#x43D;&#x438;&#x436;&#x43D;&#x44B;&#x439; &#x43A;&#x43B;&#x443;&#x431;</subfield>
    <subfield code="d">2022</subfield>
  </datafield>
  <datafield tag="215" ind1=" " ind2=" ">
    <subfield code="a">493, [1] &#x441;.</subfield>
    <subfield code="d">22</subfield>
  </datafield>
  <datafield tag="225" ind1="1" ind2=" ">
    <subfield code="a">Science fiction</subfield>
  </datafield>
  <datafield tag="225" ind1="1" ind2=" ">
    <subfield code="a">Fantastika</subfield>
  </datafield>
  <datafield tag="327" ind1="1" ind2=" ">
    <subfield code="a">&#x421;&#x43E;&#x434;&#x435;&#x440;&#x436;.: &#x414;&#x432;&#x438;&#x433;&#x430;&#x442;&#x435;&#x43B;&#x44C;; &#x41F;&#x430;&#x43B;&#x430;&#x447; &#x441;&#x442;&#x430;&#x43D;&#x446;&#x438;&#x438; &#x410;&#x43D;&#x434;&#x435;&#x440;&#x441;&#x43E;&#x43D;; &#x411;&#x43E;&#x433;&#x438; &#x440;&#x438;&#x441;&#x43A;&#x430;; &#x41C;&#x430;&#x441;&#x43B;&#x43E;&#x431;&#x43E;&#x439;&#x43A;&#x430;; &#x41F;&#x440;&#x43E;&#x43F;&#x430;&#x441;&#x442;&#x44C; &#x432;&#x44B;&#x436;&#x438;&#x432;&#x430;&#x43D;&#x438;&#x44F;; &#x427;&#x443;&#x436;&#x438;&#x435; &#x441;&#x43E;&#x431;&#x430;&#x43A;&#x438;; &#x41E;&#x431;&#x435;&#x440;&#x43E;&#x43D;; &#x413;&#x440;&#x435;&#x445;&#x438; &#x43E;&#x442;&#x446;&#x43E;&#x432; &#x43D;&#x430;&#x448;&#x438;&#x445;</subfield>
  </datafield>
  <datafield tag="330" ind1=" " ind2=" ">
    <subfield code="a">&#x41E;&#x442; "&#x41F;&#x440;&#x43E;&#x431;&#x443;&#x436;&#x434;&#x435;&#x43D;&#x438;&#x44F; &#x41B;&#x435;&#x432;&#x438;&#x430;&#x444;&#x430;&#x43D;&#x430;" &#x434;&#x43E; "&#x41F;&#x430;&#x434;&#x435;&#x43D;&#x438;&#x44F; &#x41B;&#x435;&#x432;&#x438;&#x430;&#x444;&#x430;&#x43D;&#x430;" - &#x434;&#x435;&#x432;&#x44F;&#x442;&#x44C; &#x43E;&#x442;&#x43C;&#x435;&#x447;&#x435;&#x43D;&#x43D;&#x44B;&#x445; &#x43F;&#x440;&#x435;&#x43C;&#x438;&#x435;&#x439; "&#x425;&#x44C;&#x44E;&#x433;&#x43E;" &#x440;&#x43E;&#x43C;&#x430;&#x43D;&#x43E;&#x432; &#x414;&#x436;. &#x41A;&#x43E;&#x440;&#x438; &#x438;&#x437; &#x441;&#x435;&#x440;&#x438;&#x438; "&#x41F;&#x440;&#x43E;&#x441;&#x442;&#x440;&#x430;&#x43D;&#x441;&#x442;&#x432;&#x43E;" &#x438;&#x437;&#x43C;&#x435;&#x43D;&#x438;&#x43B;&#x438; &#x43F;&#x440;&#x435;&#x434;&#x441;&#x442;&#x430;&#x432;&#x43B;&#x435;&#x43D;&#x438;&#x44F; &#x43E; &#x43A;&#x43E;&#x441;&#x43C;&#x43E;&#x43E;&#x43F;&#x435;&#x440;&#x435;. &#x410; &#x442;&#x435;&#x43F;&#x435;&#x440;&#x44C; &#x43F;&#x435;&#x440;&#x435;&#x434; &#x432;&#x430;&#x43C;&#x438; &#x441;&#x431;&#x43E;&#x440;&#x43D;&#x438;&#x43A; &#x43F;&#x43E;&#x432;&#x435;&#x441;&#x442;&#x435;&#x439; &#x438; &#x440;&#x430;&#x441;&#x441;&#x43A;&#x430;&#x437;&#x43E;&#x432; &#x438;&#x437; &#x44D;&#x442;&#x43E;&#x439; &#x436;&#x435; &#x441;&#x435;&#x440;&#x438;&#x438;, &#x432; &#x442;&#x43E;&#x43C; &#x447;&#x438;&#x441;&#x43B;&#x435; &#x441;&#x432;&#x435;&#x436;&#x430;&#x439;&#x448;&#x430;&#x44F; &#x438;&#x441;&#x442;&#x43E;&#x440;&#x438;&#x44F;, &#x441;&#x43E;&#x431;&#x44B;&#x442;&#x438;&#x44F; &#x43A;&#x43E;&#x442;&#x43E;&#x440;&#x43E;&#x439; &#x43F;&#x440;&#x43E;&#x438;&#x441;&#x445;&#x43E;&#x434;&#x44F;&#x442; &#x43F;&#x43E;&#x441;&#x43B;&#x435; "&#x41F;&#x430;&#x434;&#x435;&#x43D;&#x438;&#x44F; &#x41B;&#x435;&#x432;&#x438;&#x430;&#x444;&#x430;&#x43D;&#x430;". &#x41C;&#x430;&#x440;&#x441;&#x438;&#x430;&#x43D;&#x441;&#x43A;&#x438;&#x439; &#x443;&#x447;&#x435;&#x43D;&#x44B;&#x439; &#x438;&#x441;&#x43F;&#x44B;&#x442;&#x44B;&#x432;&#x430;&#x435;&#x442; &#x43D;&#x43E;&#x432;&#x44B;&#x439; &#x434;&#x432;&#x438;&#x433;&#x430;&#x442;&#x435;&#x43B;&#x44C;, &#x441;&#x43F;&#x43E;&#x441;&#x43E;&#x431;&#x43D;&#x44B;&#x439; &#x441;&#x43E; &#x432;&#x440;&#x435;&#x43C;&#x435;&#x43D;&#x435;&#x43C; &#x434;&#x43E;&#x441;&#x442;&#x430;&#x432;&#x438;&#x442;&#x44C; &#x447;&#x435;&#x43B;&#x43E;&#x432;&#x435;&#x447;&#x435;&#x441;&#x442;&#x432;&#x43E; &#x43A; &#x437;&#x432;&#x435;&#x437;&#x434;&#x430;&#x43C;. &#x417;&#x430;&#x43A;&#x43B;&#x44E;&#x447;&#x435;&#x43D;&#x43D;&#x44B;&#x435; &#x43D;&#x430; &#x430;&#x441;&#x442;&#x435;&#x440;&#x43E;&#x438;&#x434;&#x43D;&#x43E;&#x439; &#x441;&#x442;&#x430;&#x43D;&#x446;&#x438;&#x438; &#x43D;&#x435; &#x432;&#x435;&#x434;&#x430;&#x44E;&#x442; &#x43E; &#x43D;&#x430;&#x432;&#x438;&#x441;&#x448;&#x435;&#x439; &#x43D;&#x430;&#x434; &#x43D;&#x438;&#x43C;&#x438; &#x443;&#x433;&#x440;&#x43E;&#x437;&#x435;. &#x41D;&#x430; &#x438;&#x437;&#x43C;&#x443;&#x447;&#x435;&#x43D;&#x43D;&#x43E;&#x439; &#x43F;&#x435;&#x440;&#x435;&#x43D;&#x430;&#x441;&#x435;&#x43B;&#x435;&#x43D;&#x438;&#x435;&#x43C;, &#x437;&#x430;&#x433;&#x440;&#x44F;&#x437;&#x43D;&#x435;&#x43D;&#x438;&#x435;&#x43C; &#x441;&#x440;&#x435;&#x434;&#x44B; &#x438; &#x43D;&#x438;&#x449;&#x435;&#x442;&#x43E;&#x439; &#x417;&#x435;&#x43C;&#x43B;&#x435; &#x431;&#x443;&#x434;&#x443;&#x449;&#x435;&#x433;&#x43E; &#x43A;&#x440;&#x438;&#x43C;&#x438;&#x43D;&#x430;&#x43B;&#x44C;&#x43D;&#x44B;&#x439; &#x431;&#x43E;&#x441;&#x441; &#x438;&#x449;&#x435;&#x442; &#x432;&#x44B;&#x445;&#x43E;&#x434;&#x430; &#x437;&#x430; &#x43F;&#x440;&#x435;&#x434;&#x435;&#x43B;&#x44B; &#x43F;&#x43B;&#x430;&#x43D;&#x435;&#x442;&#x44B;. &#x427;&#x435;&#x43B;&#x43E;&#x432;&#x435;&#x447;&#x435;&#x441;&#x43A;&#x430;&#x44F; &#x441;&#x435;&#x43C;&#x44C;&#x44F; &#x432; &#x447;&#x443;&#x436;&#x434;&#x43E;&#x43C; &#x43C;&#x438;&#x440;&#x435; &#x440;&#x430;&#x431;&#x43E;&#x442;&#x430;&#x435;&#x442; &#x43D;&#x430;&#x434; &#x443;&#x43A;&#x440;&#x435;&#x43F;&#x43B;&#x435;&#x43D;&#x438;&#x435;&#x43C; &#x43A;&#x43E;&#x43B;&#x43E;&#x43D;&#x438;&#x438;, &#x43F;&#x44B;&#x442;&#x430;&#x44F;&#x441;&#x44C; &#x43F;&#x43E;&#x441;&#x442;&#x440;&#x43E;&#x438;&#x442;&#x44C; &#x434;&#x43B;&#x44F; &#x441;&#x435;&#x431;&#x44F; &#x43D;&#x43E;&#x432;&#x443;&#x44E; &#x440;&#x43E;&#x434;&#x438;&#x43D;&#x443;. &#x42D;&#x442;&#x438; &#x438; &#x434;&#x440;&#x443;&#x433;&#x438;&#x435; &#x441;&#x44E;&#x436;&#x435;&#x442;&#x44B; &#x441;&#x431;&#x43E;&#x440;&#x43D;&#x438;&#x43A;&#x430; &#x440;&#x430;&#x437;&#x432;&#x43E;&#x440;&#x430;&#x447;&#x438;&#x432;&#x430;&#x44E;&#x442;&#x441;&#x44F; &#x432; &#x441;&#x443;&#x440;&#x43E;&#x432;&#x43E;&#x43C; &#x43C;&#x438;&#x440;&#x435; "&#x41F;&#x440;&#x43E;&#x441;&#x442;&#x440;&#x430;&#x43D;&#x441;&#x442;&#x432;&#x430;". &#x41D;&#x435; &#x43F;&#x440;&#x43E;&#x43F;&#x443;&#x441;&#x442;&#x438;&#x442;&#x435;!</subfield>
  </datafield>
  <datafield tag="333" ind1=" " ind2=" ">
    <subfield code="a">16+</subfield>
  </datafield>
  <datafield tag="686" ind1="1" ind2=" ">
    <subfield code="a">&#x428;6(7&#x421;&#x428;&#x410;)67-445{&#x41B;&#x445;1979-62}</subfield>
  </datafield>
  <datafield tag="700" ind1=" " ind2="1">
    <subfield code="a">&#x41A;&#x43E;&#x440;&#x438;</subfield>
    <subfield code="b">&#x414;. &#x421;. &#x410;.</subfield>
    <subfield code="c">&#x43A;&#x43E;&#x43B;&#x43B;&#x435;&#x43A;&#x442;. &#x43F;&#x441;&#x435;&#x432;&#x434;&#x43E;&#x43D;&#x438;&#x43C;</subfield>
    <subfield code="g">&#x414;&#x436;&#x435;&#x439;&#x43C;&#x441; &#x421;. &#x410;.</subfield>
    <subfield code="3">RU\NLR\AUTH\770134608</subfield>
  </datafield>
  <datafield tag="942" ind1=" " ind2=" ">
    <subfield code="c">BOOK</subfield>
  </datafield>
  <datafield tag="980" ind1=" " ind2=" ">
    <subfield code="a">NB</subfield>
  </datafield>
  <datafield tag="995" ind1=" " ind2=" ">
    <subfield code="5">2022-12-09</subfield>
    <subfield code="a">ad</subfield>
    <subfield code="b">NLR01</subfield>
    <subfield code="c">NLR01</subfield>
    <subfield code="e">RF81</subfield>
    <subfield code="f">1-4084262</subfield>
    <subfield code="k">2022-5/12746</subfield>
    <subfield code="o">0</subfield>
    <subfield code="r">BOOK</subfield>
    <subfield code="s">2022512746_</subfield>
  </datafield>
  <datafield tag="995" ind1=" " ind2=" ">
    <subfield code="5">2022-12-09</subfield>
    <subfield code="a">ad</subfield>
    <subfield code="b">NLR01</subfield>
    <subfield code="c">NLR01</subfield>
    <subfield code="e">RF81</subfield>
    <subfield code="f">1-4084263</subfield>
    <subfield code="k">2022-5/12746</subfield>
    <subfield code="o">0</subfield>
    <subfield code="r">BOOK</subfield>
    <subfield code="s">2022512746_</subfield>
  </datafield>
</record>
